Microbiología / (Record no. 28189)

MARC details
000 -LEADER
campo de control de longitud fija 00702nam a2200181 i 4500
001 - NÚMERO DE CONTROL
campo de control 28189
003 - IDENTIFICADOR DE NÚMERO DE CONTROL
campo de control ES-MaACL
007 - CAMPO FIJO DE DESCRIPCIÓN FÍSICA--INFORMACIÓN GENERAL
campo de control de longitud fija t|
008 - DATOS DE LONGITUD FIJA--INFORMACIÓN GENERAL
campo de control de longitud fija 030116s1944 ag ||||1| spa d
100 1# - ENTRADA PRINCIPAL--NOMBRE DE PERSONA
Nombre de persona Bachmann, Alois.
9 (RLIN) 24480
245 10 - MENCIÓN DEL TÍTULO
Título Microbiología /
Mención de responsabilidad, etc. Curso en base a conferencias dictadas por Alois Bachmann y por los profesores adjuntos doctores Ruperto Quiroga y Pablo Negroni ; [publicado] por Silvio Fidanza ; prólogo de Ruperto Quiroga.
260 ## - PUBLICACIÓN, DISTRIBUCIÓN, ETC.
Lugar de publicación, distribución, etc. Buenos Aires :
Nombre del editor, distribuidor, etc. Vázquez,
Fecha de publicación, distribución, etc. 1944 (
Fabricante Macagno, Landa y Cía.)
300 ## - DESCRIPCIÓN FÍSICA
Extensión 2 v. ;
Dimensiones 26 cm.
700 1# - ENTRADA AGREGADA--NOMBRE PERSONAL
Nombre de persona Quiroga, Ruperto.
9 (RLIN) 94776
700 1# - ENTRADA AGREGADA--NOMBRE PERSONAL
Nombre de persona Negroni, Pablo.
9 (RLIN) 85322
700 1# - ENTRADA AGREGADA--NOMBRE PERSONAL
Nombre de persona Fidanza, Silvio.
9 (RLIN) 50689
852 ## - LOCALIZACIÓN
Ubicación ES-MaACL
Número de control de estantería E-62-63
Sublocalización o colección R.22418
Holdings
Estatus retirado Estado de pérdida Estado de daño No para préstamo Biblioteca de origen Biblioteca actual Ubicación en estantería Fecha de adquisición Fuente de adquisición Total de préstamos Signatura topográfica completa Código de barras Visto por última vez Precio de reemplazo Tipo de ítem Koha
        Biblioteca del Ateneo de Madrid Biblioteca del Ateneo de Madrid Depósito 2 17/01/2008     E-62-63 1029102 23/02/2023 23/02/2023 Libro impreso